Poland in the Eurovision Song Contest - Statistics

General Stats
  • This quiz has been taken 23 times
    4 since last reset
  • The average score is 9 of 28
Answer Stats
Answer % Correct
Color of Your Life
100%
Light Me Up
100%
Pray
100%
Solo
100%
The Tower
100%
Fire of Love (Pali się)
67%
Flashlight
67%
Gaja
67%
In The Name of Love
67%
River
67%
My Słowianie - We Are Slavic
33%
2 Long
0%
Ale jestem
0%
Chcę znać swój grzech
0%
Czarna dziewczyna
0%
Follow My Heart
0%
For Life
0%
I Don't Wanna Leave
0%
Jestem
0%
Keine Grenzen - Żadnych granic
0%
Legenda
0%
Love Song
0%
Przytul mnie mocno
0%
Sama
0%
The Ride
0%
Time to Party
0%
To nie ja!
0%
To takie proste
0%
No matching quizzes found
Score Distribution
Percent of People with Each Score
Percentile by Number Answered
Your Score History
You have not taken this quiz since the last reset